<?xml version="1.0" encoding="UTF-8"?>
<record
    xmlns:xsi="http://www.w3.org/2001/XMLSchema-instance"
    xsi:schemaLocation="http://www.loc.gov/MARC21/slim http://www.loc.gov/standards/marcxml/schema/MARC21slim.xsd"
    xmlns="http://www.loc.gov/MARC21/slim">

  <leader>03300cam a2200445 i 4500</leader>
  <datafield tag="999" ind1=" " ind2=" ">
    <subfield code="c">79469</subfield>
    <subfield code="d">316746</subfield>
  </datafield>
  <controlfield tag="001">19000239</controlfield>
  <controlfield tag="003">OSt</controlfield>
  <controlfield tag="005">20210305210427.0</controlfield>
  <controlfield tag="008">160302t20162016paua     b    001 0 eng  </controlfield>
  <datafield tag="010" ind1=" " ind2=" ">
    <subfield code="a">  2016010591</subfield>
  </datafield>
  <datafield tag="020" ind1=" " ind2=" ">
    <subfield code="a">9780803645639 (alk. paper)</subfield>
  </datafield>
  <datafield tag="020" ind1=" " ind2=" ">
    <subfield code="a">0803645635 (alk. paper)</subfield>
  </datafield>
  <datafield tag="035" ind1=" " ind2=" ">
    <subfield code="a">(DNLM)101678021</subfield>
  </datafield>
  <datafield tag="040" ind1=" " ind2=" ">
    <subfield code="a">DNLM/DLC</subfield>
    <subfield code="b">eng</subfield>
    <subfield code="c">DLC</subfield>
    <subfield code="e">rda</subfield>
    <subfield code="d">DLC</subfield>
  </datafield>
  <datafield tag="042" ind1=" " ind2=" ">
    <subfield code="a">pcc</subfield>
  </datafield>
  <datafield tag="050" ind1="0" ind2="0">
    <subfield code="a">RM700</subfield>
    <subfield code="b">.M63 2016</subfield>
  </datafield>
  <datafield tag="060" ind1="1" ind2="0">
    <subfield code="a">WB 460</subfield>
  </datafield>
  <datafield tag="082" ind1="0" ind2="0">
    <subfield code="a">615.832</subfield>
    <subfield code="2">23</subfield>
    <subfield code="b">MOT</subfield>
  </datafield>
  <datafield tag="245" ind1="0" ind2="0">
    <subfield code="a">Modalities for therapeutic intervention /</subfield>
    <subfield code="c">[edited by] James W. Bellew, PT, EdD, Professor, Krannert School of Physical Therapy, University of Indianapolis, Indianapolis, IN, Susan L. Michlovitz, PT, PhD, CHT, Adjunct Associate Professor, Rehabilitation Medicine, Columbia University, New York, NY, Thomas P. Nolan Jr., PT, DPT, OCS, Associate Professor, School of Health Sciences, Stockton University, Galloway, NJ.</subfield>
  </datafield>
  <datafield tag="246" ind1="1" ind2="4">
    <subfield code="a">Michlovitz's modalities for therapeutic intervention</subfield>
  </datafield>
  <datafield tag="250" ind1=" " ind2=" ">
    <subfield code="a">Sixth edition.</subfield>
  </datafield>
  <datafield tag="264" ind1=" " ind2="1">
    <subfield code="a">Philadelphia, PA :</subfield>
    <subfield code="b">F.A. Davis Company,</subfield>
    <subfield code="c">[2016]</subfield>
  </datafield>
  <datafield tag="264" ind1=" " ind2="4">
    <subfield code="c">&#xA9;2016</subfield>
  </datafield>
  <datafield tag="300" ind1=" " ind2=" ">
    <subfield code="a">xxix, 545 pages :</subfield>
    <subfield code="b">color illustrations ;</subfield>
    <subfield code="c">28 cm.</subfield>
  </datafield>
  <datafield tag="490" ind1="1" ind2=" ">
    <subfield code="a">Contemporary perspectives in rehabilitation</subfield>
  </datafield>
  <datafield tag="500" ind1=" " ind2=" ">
    <subfield code="a">"Previously titled Thermal agents in rehabilitation, editions 1, 2, and 3."</subfield>
  </datafield>
  <datafield tag="504" ind1=" " ind2=" ">
    <subfield code="a">Includes bibliographical references and index.</subfield>
  </datafield>
  <datafield tag="505" ind1="0" ind2=" ">
    <subfield code="a">Therapeutic modalities past, present, and future : their role in the patient care management model / James W. Bellew -- Cold therapy modalities / Stacie J. Fruth and Susan L. Michlovitz -- Therapeutic heat / Sandy Rennie and Susan L. Michlovitz -- Therapeutic ultrasound / David Lake -- Hydrotherapy : the use of water as a therapeutic agent / Elaine L. Bukowski and Thomas P. Nolan Jr. -- Electromagnetic waves, laser, diathermy, and pulsed electromagnetic fields / Robert Post and Thomas P. Nolan Jr. -- Spinal traction / Charles Hazle -- Intermittent pneumatic compression / Robert Marsico -- Foundations of clinical electrotherapy / James W. Bellew -- Clinical electrical stimulation : application and techniques / James W. Bellew -- Electrical stimulation for pain control / Richard E. Liebano -- Therapeutic modalities for improving range of motion / Andrew Starsky -- Electrotherapy for musculoskeletal disorders / C. Scott Bickel, Chris M. Gregory, and James W. Bellew -- NMES and FES in patients with neurological diagnoses / Therese E. Johnston -- Therapeutic modalities for tissue healing / Ed Mahoney -- Alternative modalities for pain and tissue healing / Thomas P. Nolan Jr. and Susan L. Michlovitz -- Electrophysiological testing of nerves and muscles / Arthur J. Nitz and James W. Bellew.</subfield>
  </datafield>
  <datafield tag="650" ind1=" " ind2="0">
    <subfield code="a">Physical therapy.</subfield>
    <subfield code="9">88564</subfield>
  </datafield>
  <datafield tag="650" ind1=" " ind2="0">
    <subfield code="a">Medical rehabilitation.</subfield>
    <subfield code="9">88565</subfield>
  </datafield>
  <datafield tag="650" ind1="1" ind2="2">
    <subfield code="a">Physical Therapy Modalities</subfield>
    <subfield code="9">88566</subfield>
  </datafield>
  <datafield tag="650" ind1="2" ind2="2">
    <subfield code="a">Wounds and Injuries</subfield>
    <subfield code="x">rehabilitation</subfield>
    <subfield code="9">38598</subfield>
  </datafield>
  <datafield tag="700" ind1="1" ind2=" ">
    <subfield code="a">Bellew, James W.,</subfield>
    <subfield code="e">editor.</subfield>
    <subfield code="9">88567</subfield>
  </datafield>
  <datafield tag="700" ind1="1" ind2=" ">
    <subfield code="a">Michlovitz, Susan L.,</subfield>
    <subfield code="e">editor.</subfield>
    <subfield code="9">21399</subfield>
  </datafield>
  <datafield tag="700" ind1="1" ind2=" ">
    <subfield code="a">Nolan, Thomas,</subfield>
    <subfield code="c">Jr.,</subfield>
    <subfield code="d">1955- ,</subfield>
    <subfield code="e">editor.</subfield>
    <subfield code="9">88568</subfield>
  </datafield>
  <datafield tag="830" ind1=" " ind2="0">
    <subfield code="a">Contemporary perspectives in rehabilitation (Series)</subfield>
    <subfield code="9">64382</subfield>
  </datafield>
  <datafield tag="906" ind1=" " ind2=" ">
    <subfield code="a">7</subfield>
    <subfield code="b">cbc</subfield>
    <subfield code="c">orignew</subfield>
    <subfield code="d">1</subfield>
    <subfield code="e">ecip</subfield>
    <subfield code="f">20</subfield>
    <subfield code="g">y-gencatlg</subfield>
  </datafield>
  <datafield tag="942" ind1=" " ind2=" ">
    <subfield code="2">ddc</subfield>
    <subfield code="c">BOOK</subfield>
  </datafield>
  <datafield tag="952" ind1=" " ind2=" ">
    <subfield code="1">0</subfield>
    <subfield code="2">2021-03-05</subfield>
    <subfield code="4">0</subfield>
    <subfield code="7">0</subfield>
    <subfield code="a">615.832 MOT</subfield>
    <subfield code="d">2021-03-05</subfield>
    <subfield code="h">CL</subfield>
    <subfield code="i">00167515</subfield>
    <subfield code="m">CL</subfield>
    <subfield code="r">2021-03-05 00:00:00</subfield>
    <subfield code="t">BOOK</subfield>
    <subfield code="w">ddc</subfield>
    <subfield code="y">0</subfield>
  </datafield>
  <datafield tag="952" ind1=" " ind2=" ">
    <subfield code="1">0</subfield>
    <subfield code="2">2021-03-05</subfield>
    <subfield code="4">0</subfield>
    <subfield code="7">0</subfield>
    <subfield code="a">615.832 MOT</subfield>
    <subfield code="d">2021-03-05</subfield>
    <subfield code="h">CL</subfield>
    <subfield code="i">00167516</subfield>
    <subfield code="m">CL</subfield>
    <subfield code="r">2021-03-05 00:00:00</subfield>
    <subfield code="t">BOOK</subfield>
    <subfield code="w">ddc</subfield>
    <subfield code="y">0</subfield>
  </datafield>
  <datafield tag="952" ind1=" " ind2=" ">
    <subfield code="1">0</subfield>
    <subfield code="2">2021-03-05</subfield>
    <subfield code="4">0</subfield>
    <subfield code="7">0</subfield>
    <subfield code="a">615.832 MOT</subfield>
    <subfield code="d">2021-03-05</subfield>
    <subfield code="h">CL</subfield>
    <subfield code="i">00167517</subfield>
    <subfield code="m">CL</subfield>
    <subfield code="r">2021-03-05 00:00:00</subfield>
    <subfield code="t">BOOK</subfield>
    <subfield code="w">ddc</subfield>
    <subfield code="y">0</subfield>
  </datafield>
  <datafield tag="952" ind1=" " ind2=" ">
    <subfield code="1">0</subfield>
    <subfield code="2">2021-03-05</subfield>
    <subfield code="4">0</subfield>
    <subfield code="7">0</subfield>
    <subfield code="a">615.832 MOT</subfield>
    <subfield code="d">2021-03-05</subfield>
    <subfield code="h">AMF</subfield>
    <subfield code="i">00167616</subfield>
    <subfield code="m">AMF</subfield>
    <subfield code="r">2021-03-05 00:00:00</subfield>
    <subfield code="t">BOOK</subfield>
    <subfield code="w">ddc</subfield>
    <subfield code="y">0</subfield>
  </datafield>
  <datafield tag="952" ind1=" " ind2=" ">
    <subfield code="1">0</subfield>
    <subfield code="2">2021-03-05</subfield>
    <subfield code="4">0</subfield>
    <subfield code="7">0</subfield>
    <subfield code="a">615.832 MOT</subfield>
    <subfield code="d">2021-03-05</subfield>
    <subfield code="h">AMF</subfield>
    <subfield code="i">00167617</subfield>
    <subfield code="m">AMF</subfield>
    <subfield code="r">2021-03-05 00:00:00</subfield>
    <subfield code="t">BOOK</subfield>
    <subfield code="w">ddc</subfield>
    <subfield code="y">0</subfield>
  </datafield>
  <datafield tag="952" ind1=" " ind2=" ">
    <subfield code="1">0</subfield>
    <subfield code="2">2021-03-05</subfield>
    <subfield code="4">0</subfield>
    <subfield code="7">0</subfield>
    <subfield code="a">615.832 MOT</subfield>
    <subfield code="d">2021-03-05</subfield>
    <subfield code="h">SZM</subfield>
    <subfield code="i">00167619</subfield>
    <subfield code="m">SZM</subfield>
    <subfield code="r">2021-03-05 00:00:00</subfield>
    <subfield code="t">BOOK</subfield>
    <subfield code="w">ddc</subfield>
    <subfield code="y">0</subfield>
  </datafield>
  <datafield tag="952" ind1=" " ind2=" ">
    <subfield code="1">0</subfield>
    <subfield code="2">2021-03-05</subfield>
    <subfield code="4">0</subfield>
    <subfield code="7">0</subfield>
    <subfield code="a">615.832 MOT</subfield>
    <subfield code="d">2021-03-05</subfield>
    <subfield code="h">SZM</subfield>
    <subfield code="i">00167620</subfield>
    <subfield code="m">SZM</subfield>
    <subfield code="r">2021-03-05 00:00:00</subfield>
    <subfield code="t">BOOK</subfield>
    <subfield code="w">ddc</subfield>
    <subfield code="y">0</subfield>
  </datafield>
</record>
